| 000 | 01300nam a22003375a 4500 | ||
|---|---|---|---|
| 005 | 20240818093036.0 | ||
| 008 | 180513s2008 mx a frbd 001 0 eng d | ||
| 020 | _a9780981832104 | ||
| 040 |
_aEG-ScBUE _beng _cEG-ScBUE |
||
| 082 | 0 | 4 |
_a577.2 _bCLI _222 |
| 245 | 0 | 2 |
_aA climate for life : _bmeeting the global challenge / _cforeword by Harrison Ford and Edward O. Wilson ; spanish translation IIhuixóchitl langlé ; translation consultant David Palmer. |
| 260 |
_a[Texus] : _bCemex, S.A. de C.V., _c2008. |
||
| 300 |
_a359 p. : _bill. ; _c30 cm. |
||
| 490 | 0 | _aCEMEX conservation book series | |
| 504 | _aIncludes bibliographical references and index. | ||
| 650 | 7 |
_aClimatic changes. _2BUEsh |
|
| 650 | 7 |
_aClimatic changes _xPrevention. _2BUEsh |
|
| 653 |
_bGGEN _cMarch2018 |
||
| 700 | 1 | _aFord, Harrison, | |
| 700 | 1 | _a Wilson, Edward O. | |
| 700 | 1 |
_alanglé, Ihuixóchitl _etranslator. |
|
| 700 | 1 |
_aPalmer, David , _etranslator. |
|
| 710 | 2 | _aCemex, S.A. de C.V. | |
| 710 | 2 | _aInternational League of Conservation Photographers. | |
| 710 | 2 | _aConservation International. | |
| 942 |
_2ddc _hRDA-MOD |
||
| 999 |
_c26711 _d26683 |
||
| 336 |
_2rdacontent _atext _btxt |
||
| 337 |
_aunmediated _2rdamedia _bn |
||
| 338 |
_avolume _bnc _2rdacarrier |
||